[Event "Chigorin Memorial 22nd"]
[Site "St Petersburg"]
[Date "2014.10.24"]
[Round "7"]
[White "Duzhakov, Ilya"]
[Black "Klyuev, Alexander S"]
[Result "1-0"]
[WhiteElo "2341"]
[BlackElo "2181"]
[PlyCount "47"]
[EventDate "2014.10.18"]
[EventType "swiss"]
[EventRounds "9"]
[EventCountry "RUS"]
[SourceTitle "EXT 2015"]
[Source "ChessBase"]
[SourceDate "2014.11.20"]
[SourceVersion "1"]
[SourceVersionDate "2014.11.20"]
[SourceQuality "1"]

1. d4 Nf6 2. c4 e6 3. Nf3 c5 4. d5 b5 5. dxe6 fxe6 6. cxb5 d5 7. g3 a6 8. bxa6 Bd6 9. Bg2 0-0 10. 0-0 Bxa6 11. Nc3 h6 12. b3 Nbd7 13. Qc2 Qe7 14. Re1 d4 15. Ne4 Nxe4 16. Qxe4 Nf6 17. Qg6 Bb7 18. e4 Nd7 19. e5 Bc7 20. Ng5 hxg5 21. Bxb7 Nxe5 22. Rxe5 Bxe5 23. Bxa8 Rxa8 24. Qe4 1-0

[Event "Chigorin Memorial 22nd"]
[Site "St Petersburg"]
[Date "2014.10.19"]
[Round "2"]
[White "Klyuev, Alexander S"]
[Black "Ngnegevo, Filipp"]
[Result "0-1"]
[WhiteElo "2181"]
[BlackElo "1936"]
[PlyCount "96"]
[EventDate "2014.10.18"]
[EventType "swiss"]
[EventRounds "9"]
[EventCountry "RUS"]
[SourceTitle "EXT 2015"]
[Source "ChessBase"]
[SourceDate "2014.11.20"]
[SourceVersion "1"]
[SourceVersionDate "2014.11.20"]
[SourceQuality "1"]

1. Nf3 Nf6 2. c4 g6 3. Nc3 Bg7 4. g3 0-0 5. Bg2 d5 6. cxd5 Nxd5 7. 0-0 Nb6 8. d3 Nc6 9. Be3 Bf5 10. Qd2 Qd7 11. Rfc1 Rfd8 12. Qe1 e5 13. Nd2 Bh3 14. Bh1 Qc8 15. Nde4 Nd4 16. Bg5 Re8 17. Nc5 c6 18. Bd2 Bg4 19. f3 Bf5 20. b4 Nd7 21. N5e4 Bxe4 22. Nxe4 Qc7 23. Rab1 f5 24. Nc3 Qb6 25. e3 Nb5 26. Qf2 Nxc3 27. Bxc3 Qb5 28. Rd1 Nb6 29. Bg2 Nd5 30. Ba1 Rad8 31. Bf1 Qb6 32. e4 Ne3 33. Re1 Nxf1 34. Qxb6 axb6 35. Kxf1 Rxd3 36. Kf2 Ra8 37. exf5 Rxa2+ 38. Re2 Rda3 39. Rxa2 Rxa2+ 40. Ke3 gxf5 41. Rd1 h5 42. g4 Ra3+ 43. Ke2 fxg4 44. fxg4 Rb3 45. Rd3 Kh7 46. Rd7 Rxb4 47. Kf3 Kg8 48. Kg3 Rb1 0-1

[Event "RUS-chT U20"]
[Site "Kolomna"]
[Date "2014.08.07"]
[Round "6"]
[White "Afanasiev, Nikita"]
[Black "Klyuev, Alexander S"]
[Result "1-0"]
[WhiteElo "2283"]
[BlackElo "2284"]
[PlyCount "65"]
[EventDate "2014.08.02"]
[EventType "swiss"]
[EventRounds "9"]
[EventCountry "RUS"]
[SourceTitle "EXT 2016"]
[Source "ChessBase"]
[SourceDate "2015.10.08"]
[SourceVersion "1"]
[SourceVersionDate "2015.10.08"]
[SourceQuality "1"]

1. g3 d5 2. Bg2 Nc6 3. d4 Nf6 4. Nf3 e6 5. 0-0 Be7 6. c4 dxc4 7. Qa4 0-0 8. Qxc4 Qd5 9. Qa4 Bd7 10. Nc3 Qh5 11. h3 Ne5 12. dxe5 Bxa4 13. exf6 Bxf6 14. Nxa4 Qb5 15. Nc3 Bxc3 16. bxc3 Qxe2 17. Bf4 f6 18. Rfe1 Qc4 19. Nd2 Qxc3 20. Bxb7 Rab8 21. Rac1 Qa5 22. Nb3 Qxa2 23. Nc5 e5 24. Be3 Rfd8 25. Ra1 Qc2 26. Rec1 Qf5 27. g4 Qg6 28. Be4 Qf7 29. Rxa7 h5 30. Bf5 Rb6 31. Nb7 Rb8 32. Nd8 Rxd8 33. Bxb6 1-0

[Event "RUS-chT U20"]
[Site "Kolomna"]
[Date "2014.08.04"]
[Round "3"]
[White "Klyuev, Alexander S"]
[Black "Voloshin, Pavel"]
[Result "0-1"]
[WhiteElo "2284"]
[BlackElo "2015"]
[PlyCount "92"]
[EventDate "2014.08.02"]
[EventType "swiss"]
[EventRounds "9"]
[EventCountry "RUS"]
[SourceTitle "EXT 2016"]
[Source "ChessBase"]
[SourceDate "2015.10.08"]
[SourceVersion "1"]
[SourceVersionDate "2015.10.08"]
[SourceQuality "1"]

1. Nf3 e6 2. g3 Nf6 3. Bg2 Be7 4. 0-0 0-0 5. d3 d5 6. Nbd2 c5 7. e4 Nc6 8. Re1 Qc7 9. Qe2 b5 10. Nf1 Bb7 11. e5 Nd7 12. Bf4 a5 13. h4 Rfc8 14. N1h2 a4 15. a3 c4 16. d4 b4 17. c3 bxa3 18. bxa3 Na7 19. Qc2 Nb5 20. Ng5 Nf8 21. Bc1 Qd8 22. f4 h6 23. Nh3 Rc6 24. h5 Nh7 25. g4 Rb6 26. Nf3 f5 27. exf6 Nxf6 28. Nf2 Bc8 29. g5 hxg5 30. fxg5 Ne4 31. Nxe4 dxe4 32. Rxe4 Nd6 33. h6 Ra5 34. h7+ Kh8 35. Ne5 Qe8 36. Rf4 Nf5 37. g6 Rxe5 38. dxe5 Bc5+ 39. Kf1 Qxg6 40. Ra2 Ba6 41. Rb2 Rb3 42. Qd1 Rxb2 43. Qd8+ Kxh7 44. Rh4+ Nxh4 45. Qxh4+ Kg8 46. Qd8+ Bf8 0-1

[Event "RUS-chT U20"]
[Site "Kolomna"]
[Date "2014.08.03"]
[Round "2"]
[White "Sedykh, Egor"]
[Black "Klyuev, Alexander S"]
[Result "0-1"]
[WhiteElo "1909"]
[BlackElo "2284"]
[PlyCount "68"]
[EventDate "2014.08.02"]
[EventType "swiss"]
[EventRounds "9"]
[EventCountry "RUS"]
[SourceTitle "EXT 2016"]
[Source "ChessBase"]
[SourceDate "2015.10.08"]
[SourceVersion "1"]
[SourceVersionDate "2015.10.08"]
[SourceQuality "1"]

1. d4 Nf6 2. c4 e6 3. g3 Bb4+ 4. Bd2 Qe7 5. Bg2 Nc6 6. a3 Bxd2+ 7. Qxd2 0-0 8. Nc3 d6 9. Nf3 e5 10. dxe5 Nxe5 11. Nxe5 Qxe5 12. 0-0 c6 13. Rad1 Rd8 14. Qd4 Bf5 15. e4 Be6 16. b4 Ng4 17. Ne2 Qxd4 18. Rxd4 c5 19. bxc5 dxc5 20. Rd5 Bxd5 21. cxd5 f5 22. exf5 Nf6 23. Nf4 Rd6 24. Rc1 Rc8 25. h3 c4 26. Rc3 b5 27. g4 a5 28. g5 b4 29. axb4 axb4 30. Rc1 Nd7 31. Ne2 Nb6 32. Rb1 Nxd5 33. Bxd5+ Rxd5 34. Rxb4 c3 0-1

[Event "Samara Polugaevsky Memorial 4th"]
[Site "Samara"]
[Date "2014.07.07"]
[Round "6"]
[White "Nigmatov, Ortik"]
[Black "Klyuev, Alexander S"]
[Result "0-1"]
[WhiteElo "2144"]
[BlackElo "2284"]
[PlyCount "108"]
[EventDate "2014.07.02"]
[EventType "swiss"]
[EventRounds "9"]
[EventCountry "RUS"]
[SourceTitle "CBM 161 Extra"]
[Source "ChessBase"]
[SourceDate "2014.08.29"]
[SourceVersion "1"]
[SourceVersionDate "2014.08.29"]
[SourceQuality "1"]

1. e4 c5 2. Nf3 e6 3. d4 cxd4 4. Nxd4 Nf6 5. Nc3 d6 6. Be3 a6 7. Bd3 Be7 8. 0-0 0-0 9. f4 Nbd7 10. Qf3 Qc7 11. Kh1 Nc5 12. Rae1 Nxd3 13. cxd3 b5 14. Rc1 Qd7 15. a3 Bb7 16. Qg3 Ne8 17. f5 Bf6 18. Qh3 Bxd4 19. Bxd4 e5 20. Be3 Rc8 21. Qh4 f6 22. Qf2 d5 23. exd5 Bxd5 24. Nxd5 Rxc1 25. Rxc1 Qxd5 26. Bc5 Nd6 27. Bb4 Rd8 28. Qf1 Nf7 29. Ba5 Re8 30. Rc7 Qb3 31. Qe2 Nh6 32. Qh5 Rf8 33. Bc3 Qc2 34. Qh4 Qxd3 35. Qf2 Nxf5 36. h3 Ng3+ 37. Kh2 Ne4 38. Qa7 Qg3+ 39. Kg1 Rd8 40. Rd7 Rxd7 41. Qxd7 Qf2+ 42. Kh2 Qf4+ 43. Kg1 h6 44. Qd8+ Kh7 45. Qd3 f5 46. Bb4 Nf6 47. Be7 Qe4 48. Qd8 Nd5 49. Bf8 Nf4 50. Qd2 Qd4+ 51. Qxd4 Ne2+ 52. Kf2 Nxd4 53. Bd6 Nc6 54. Ke3 g6 0-1

[Event "Voronezh op-A 18th"]
[Site "Voronezh"]
[Date "2014.06.20"]
[Round "8"]
[White "Klyuev, Alexander S"]
[Black "Novikov, Konstantin"]
[Result "1-0"]
[WhiteElo "2278"]
[BlackElo "2049"]
[PlyCount "105"]
[EventDate "2014.06.12"]
[EventType "swiss"]
[EventRounds "9"]
[EventCountry "RUS"]
[SourceTitle "CBM 160 Extra"]
[Source "ChessBase"]
[SourceDate "2014.07.01"]
[SourceVersion "1"]
[SourceVersionDate "2014.07.01"]
[SourceQuality "1"]

1. e4 d6 2. d4 Nf6 3. Nc3 Nbd7 4. Nf3 e5 5. Bc4 Be7 6. 0-0 0-0 7. Re1 c6 8. a4 b6 9. d5 c5 10. Nd2 a6 11. Nf1 Re8 12. Ne3 Nf8 13. g3 Ng6 14. Be2 Bf8 15. h4 Be7 16. Kg2 Bd7 17. h5 Nf8 18. f4 exf4 19. gxf4 h6 20. Bf3 N6h7 21. Rg1 Bf6 22. Ne2 b5 23. a5 g5 24. hxg6 Nxg6 25. Kh2 Kh8 26. Ng2 Rg8 27. c3 Bc8 28. Qf1 Ra7 29. Bd2 Re7 30. b4 cxb4 31. cxb4 Rge8 32. Rc1 Bg7 33. Bc3 Bxc3 34. Rxc3 Nf6 35. Ng3 Bg4 36. Nf5 Nxe4 37. Nxe7 Rxe7 38. Bxe4 Rxe4 39. Rg3 h5 40. Qd3 Rc4 41. Qd2 Qf6 42. Rc1 Rxc1 43. Qxc1 Kh7 44. Qc3 Qf5 45. Qd4 h4 46. Rc3 Be2 47. Qf2 Bc4 48. Ne3 Qf6 49. Ra3 Qxf4+ 50. Qxf4 Nxf4 51. Nxc4 bxc4 52. Rc3 Nxd5 53. Rxc4 1-0

[Event "Voronezh op-A 18th"]
[Site "Voronezh"]
[Date "2014.06.16"]
[Round "5"]
[White "Chigaeva, Anastasia"]
[Black "Klyuev, Alexander S"]
[Result "1-0"]
[WhiteElo "2072"]
[BlackElo "2278"]
[PlyCount "91"]
[EventDate "2014.06.12"]
[EventType "swiss"]
[EventRounds "9"]
[EventCountry "RUS"]
[SourceTitle "CBM 160 Extra"]
[Source "ChessBase"]
[SourceDate "2014.07.01"]
[SourceVersion "1"]
[SourceVersionDate "2014.07.01"]
[SourceQuality "1"]

1. e4 e6 2. d3 d5 3. Qe2 Nc6 4. Nf3 e5 5. exd5 Qxd5 6. Nc3 Bb4 7. Bd2 Bxc3 8. Bxc3 Bg4 9. Qe4 Bxf3 10. Qxf3 Qxf3 11. gxf3 f6 12. 0-0-0 Rd8 13. Bd2 Rd4 14. Re1 Nge7 15. Re4 f5 16. Re1 Ra4 17. a3 Kf7 18. c3 Rh4 19. Bg5 Rh5 20. f4 Ng6 21. Be2 Rh3 22. fxe5 Ncxe5 23. d4 Nf3 24. Bc4+ Kf8 25. Bd8 Rh4 26. Re3 Nfe5 27. Bxh4 Nxc4 28. Rh3 Kf7 29. Bg5 h6 30. Bd2 Nd6 31. Re3 a5 32. a4 Rd8 33. b3 Ne4 34. Be1 Nf6 35. Kc2 Ne7 36. c4 Rxd4 37. Bxa5 Rf4 38. f3 b6 39. Bc3 Rh4 40. Be5 c6 41. Rd1 f4 42. Re2 Nf5 43. Rd8 c5 44. Bxf6 gxf6 45. Rd7+ Kg6 46. Rg2+ 1-0

[Event "Voronezh op-A 18th"]
[Site "Voronezh"]
[Date "2014.06.13"]
[Round "2"]
[White "Klyuev, Alexander S"]
[Black "Karpenko, Artem"]
[Result "1-0"]
[WhiteElo "2278"]
[BlackElo "2074"]
[PlyCount "87"]
[EventDate "2014.06.12"]
[EventType "swiss"]
[EventRounds "9"]
[EventCountry "RUS"]
[SourceTitle "CBM 160 Extra"]
[Source "ChessBase"]
[SourceDate "2014.07.01"]
[SourceVersion "1"]
[SourceVersionDate "2014.07.01"]
[SourceQuality "1"]

1. d4 d5 2. c4 c6 3. Nf3 Nf6 4. Nc3 a6 5. c5 Nbd7 6. Bf4 Nh5 7. Bd2 Nhf6 8. Bf4 Nh5 9. Bd2 g6 10. e4 dxe4 11. Nxe4 Ndf6 12. Nc3 Ng7 13. Bc4 Be6 14. Qb3 Bxc4 15. Qxc4 Ne6 16. 0-0 Bg7 17. Rfe1 Nc7 18. Qb3 Qc8 19. Bg5 Kf8 20. Re2 Ne6 21. Rd1 h6 22. Bc1 Nc7 23. Bf4 Ne6 24. Bg3 Nh5 25. Be5 Nef4 26. Bxg7+ Nxg7 27. Re4 Nfe6 28. Ne5 Kg8 29. Ne2 g5 30. f4 Rh7 31. Nxf7 Kxf7 32. f5 Nxf5 33. Rf1 Kf6 34. g4 Neg7 35. Ng3 e6 36. gxf5 exf5 37. Re5 f4 38. Ne4+ Kg6 39. Nd6 Qg4+ 40. Kh1 Kh5 41. Rg1 Qd7 42. Qf3+ Kh4 43. Nf5+ Qxf5 44. Rxf5 1-0

[Event "Kolomna op"]
[Site "Kolomna"]
[Date "2013.10.04"]
[Round "9"]
[White "Klyuev, Alexander S"]
[Black "Rakhmangulov, Andrei"]
[Result "1/2-1/2"]
[WhiteElo "2259"]
[BlackElo "2395"]
[PlyCount "60"]
[EventDate "2013.09.29"]
[EventType "swiss"]
[EventRounds "9"]
[EventCountry "RUS"]
[SourceTitle "CBM 156 Extra"]
[Source "ChessBase"]
[SourceDate "2013.10.22"]
[SourceVersion "1"]
[SourceVersionDate "2013.10.22"]
[SourceQuality "1"]

1. d4 Nf6 2. c4 c5 3. d5 b5 4. cxb5 a6 5. bxa6 Bxa6 6. Nc3 g6 7. e4 Bxf1 8. Kxf1 d6 9. g3 Bg7 10. Kg2 0-0 11. Nf3 Nbd7 12. Re1 Ng4 13. Qc2 Qa5 14. Bd2 Rfb8 15. a4 Qb4 16. Nd1 Qb3 17. Qxb3 Rxb3 18. Bc3 Nge5 19. Nd2 Rbb8 20. Re3 g5 21. h3 h5 22. Ra2 g4 23. Bxe5 Nxe5 24. Rb3 Rxb3 25. Nxb3 Nd3 26. Nd2 Nb4 27. Ra3 Nc2 28. Ra2 Nb4 29. Ra3 Nc2 30. Ra2 Nb4 1/2-1/2

[Event "Kolomna op"]
[Site "Kolomna"]
[Date "2013.10.03"]
[Round "7"]
[White "Kupreichik, Viktor D"]
[Black "Klyuev, Alexander S"]
[Result "1-0"]
[WhiteElo "2443"]
[BlackElo "2259"]
[PlyCount "41"]
[EventDate "2013.09.29"]
[EventType "swiss"]
[EventRounds "9"]
[EventCountry "RUS"]
[SourceTitle "CBM 156 Extra"]
[Source "ChessBase"]
[SourceDate "2013.10.22"]
[SourceVersion "1"]
[SourceVersionDate "2013.10.22"]
[SourceQuality "1"]

1. e4 c5 2. Ne2 Nf6 3. Nbc3 d5 4. exd5 Nxd5 5. Nxd5 Qxd5 6. d4 cxd4 7. Qxd4 Qd7 8. Bd2 Nc6 9. Qa4 Qg4 10. Nf4 e5 11. Be2 Qh4 12. 0-0-0 exf4 13. Bb5 Bd7 14. Bxf4 0-0-0 15. Rxd7 Rxd7 16. Bxc6 Rd6 17. Bf3 Be7 18. Qc4+ Kd8 19. g3 Qf6 20. Bxd6 Bxd6 21. Bg4 1-0

[Event "Kolomna op"]
[Site "Kolomna"]
[Date "2013.10.01"]
[Round "5"]
[White "Tsyhanchuk, Stanislav"]
[Black "Klyuev, Alexander S"]
[Result "1-0"]
[WhiteElo "2385"]
[BlackElo "2259"]
[PlyCount "85"]
[EventDate "2013.09.29"]
[EventType "swiss"]
[EventRounds "9"]
[EventCountry "RUS"]
[SourceTitle "CBM 156 Extra"]
[Source "ChessBase"]
[SourceDate "2013.10.22"]
[SourceVersion "1"]
[SourceVersionDate "2013.10.22"]
[SourceQuality "1"]

1. c4 Nf6 2. Nf3 e6 3. b3 b6 4. g3 Bb7 5. Bg2 Be7 6. Bb2 d5 7. 0-0 0-0 8. d3 Nbd7 9. Nbd2 c5 10. e3 Rc8 11. Qe2 dxc4 12. bxc4 Qc7 13. a4 Ne8 14. a5 Bf6 15. Nb1 Bxb2 16. Qxb2 Bxf3 17. Bxf3 Ne5 18. Be2 Nc6 19. axb6 axb6 20. Nc3 Nd6 21. Rfb1 Nb4 22. Na2 Nxa2 23. Rxa2 Rb8 24. Ra6 Nc8 25. d4 Rd8 26. dxc5 Qxc5 27. Qb4 Qxb4 28. Rxb4 Rd6 29. Bf3 Rd7 30. c5 Kf8 31. cxb6 Ke7 32. Kg2 Rd6 33. Ra7+ Kf8 34. Rf4 f5 35. Rc4 Rdxb6 36. Rd7 Nd6 37. Rcc7 Ne8 38. Ra7 Rd6 39. Re7 Rbd8 40. Bh5 Nf6 41. Rxg7 Nxh5 42. Rxh7 Nf6 43. Rhf7+ 1-0

[Event "Moscow IM 09"]
[Site "Moscow"]
[Date "2013.09.15"]
[Round "4"]
[White "Prosviriakov, Vladimir"]
[Black "Klyuev, Alexander S"]
[Result "1/2-1/2"]
[WhiteElo "2307"]
[BlackElo "2259"]
[PlyCount "36"]
[EventDate "2013.09.11"]
[EventType "tourn"]
[EventRounds "9"]
[EventCountry "RUS"]
[EventCategory "2"]
[SourceTitle "EXT 2014"]
[Source "ChessBase"]
[SourceDate "2013.11.20"]
[SourceVersion "1"]
[SourceVersionDate "2013.11.20"]
[SourceQuality "1"]

1. c4 c6 2. d4 d5 3. Nf3 Nf6 4. Nc3 Qb6 5. cxd5 cxd5 6. a3 Nc6 7. Bf4 Bf5 8. e3 e6 9. Bd3 Bxd3 10. Qxd3 Na5 11. b4 Nc4 12. 0-0 Rc8 13. Nd2 Bd6 14. Bxd6 Qxd6 15. Rac1 0-0 16. e4 Qb6 17. exd5 Nxd2 18. Qxd2 exd5 1/2-1/2

[Event "Kaluga Tsiolkovsky Memorial op"]
[Site "Kaluga"]
[Date "2013.08.06"]
[Round "4"]
[White "Klyuev, Alexander S"]
[Black "Demidov, Mikhail"]
[Result "0-1"]
[WhiteElo "2268"]
[BlackElo "2465"]
[PlyCount "72"]
[EventDate "2013.08.03"]
[EventType "swiss"]
[EventRounds "9"]
[EventCountry "RUS"]
[SourceTitle "CBM 156 Extra"]
[Source "ChessBase"]
[SourceDate "2013.10.22"]
[SourceVersion "1"]
[SourceVersionDate "2013.10.22"]
[SourceQuality "1"]

1. d4 e6 2. Nf3 Nf6 3. c4 b6 4. g3 Ba6 5. b3 d5 6. Bg2 Bb4+ 7. Bd2 Bxd2+ 8. Nbxd2 0-0 9. 0-0 c5 10. cxd5 Nxd5 11. Rc1 Nd7 12. Ne5 Nxe5 13. dxe5 Qg5 14. Nf3 Qe7 15. Qc2 Rad8 16. h4 h6 17. Rfd1 Nb4 18. Qb2 Rxd1+ 19. Rxd1 Rd8 20. Rd2 Rd7 21. a3 Nc6 22. Kf1 Qd8 23. Ke1 Rxd2 24. Nxd2 Qd4 25. Qxd4 Nxd4 26. Kd1 Bxe2+ 27. Kc1 Bb5 28. Kb2 Kf8 29. Be4 Ke7 30. Kc3 Ne2+ 31. Kc2 Kd7 32. Bd3 Nd4+ 33. Kc3 Bxd3 34. Kxd3 Kc6 35. Ke4 b5 36. h5 g6 0-1

[Event "Kaluga Tsiolkovsky Memorial op"]
[Site "Kaluga"]
[Date "2013.08.04"]
[Round "2"]
[White "Klyuev, Alexander S"]
[Black "Teterev, Vitaly"]
[Result "1/2-1/2"]
[WhiteElo "2268"]
[BlackElo "2518"]
[PlyCount "98"]
[EventDate "2013.08.03"]
[EventType "swiss"]
[EventRounds "9"]
[EventCountry "RUS"]
[SourceTitle "CBM 156 Extra"]
[Source "ChessBase"]
[SourceDate "2013.10.22"]
[SourceVersion "1"]
[SourceVersionDate "2013.10.22"]
[SourceQuality "1"]

1. d4 Nf6 2. Nf3 g6 3. Nbd2 Bg7 4. e4 d6 5. Bd3 0-0 6. 0-0 c5 7. c3 a6 8. Re1 Qc7 9. h3 e5 10. d5 Nh5 11. Nf1 Nd7 12. Bc2 b5 13. a4 Bb7 14. c4 Nb6 15. Ne3 Nxc4 16. Nxc4 bxc4 17. a5 Nf4 18. Nd2 f5 19. f3 fxe4 20. fxe4 Bc8 21. Nxc4 Qe7 22. Ra3 Rb8 23. Bxf4 Rxf4 24. Rf3 Rb4 25. b3 Bd7 26. Qe2 Bb5 27. Ref1 Qd8 28. Rxf4 exf4 29. Rxf4 Bxc4 30. bxc4 Qxa5 31. Rf1 Qc7 32. Qg4 Bd4+ 33. Kh1 Kg7 34. Qe6 Rb7 35. Ba4 Qe7 36. Be8 Bf6 37. Bc6 Rc7 38. Be8 Qxe6 39. dxe6 Rb7 40. g4 g5 41. Rf3 Rb4 42. Ra3 Kf8 43. Bd7 Rb6 44. Bc8 Ke7 45. Rxa6 Rxa6 46. Bxa6 Kxe6 47. Bb7 Ke5 48. Kg2 Kf4 49. Bc6 Be5 1/2-1/2

[Event "Moscow Govrnor Cup-A rapid"]
[Site "Moscow"]
[Date "2013.02.20"]
[Round "10"]
[White "Klyuev, Alexander S"]
[Black "Kozlov, Stanislav"]
[Result "0-1"]
[WhiteElo "2227"]
[BlackElo "2340"]
[PlyCount "112"]
[EventDate "2013.02.19"]
[EventType "swiss (rapid)"]
[EventRounds "11"]
[EventCountry "RUS"]
[SourceTitle "CBM 153 Extra"]
[Source "ChessBase"]
[SourceDate "2013.04.22"]
[SourceVersion "1"]
[SourceVersionDate "2013.04.22"]
[SourceQuality "1"]

1. c4 Nf6 2. Nc3 e6 3. e4 c5 4. e5 Ng8 5. g3 Nc6 6. Nf3 d6 7. exd6 Bxd6 8. Bg2 Nf6 9. 0-0 Be7 10. Re1 0-0 11. d3 Bd7 12. a3 Rc8 13. h3 a6 14. Qe2 b6 15. b3 Qc7 16. Bb2 Rfd8 17. Rad1 Na5 18. Qc2 Bc6 19. Nb1 Qb7 20. Nbd2 Qa8 21. Bc3 Nb7 22. Ne4 Nd6 23. Nxf6+ Bxf6 24. Bxf6 gxf6 25. Nh4 Bxg2 26. Nxg2 Nf5 27. Qb2 Nd4 28. Re3 Rd6 29. b4 Rcd8 30. Ne1 Qc6 31. Rd2 Kg7 32. Qb1 b5 33. bxc5 Qxc5 34. cxb5 Nxb5 35. a4 Nc3 36. Qa1 Qa5 37. Rc2 Nd5 38. Re4 e5 39. Rcc4 Ne7 40. Kh2 Nf5 41. Qd1 Kf8 42. Kg2 Qd5 43. Qh5 Nd4 44. g4 Kg7 45. Rc7 Nb3 46. Kg1 Nd4 47. Kg2 R6d7 48. Rxd7 Rxd7 49. Kf1 Ne6 50. Qh4 Ng5 51. Re3 Qh1+ 52. Ke2 Rb7 53. Qg3 Rb2+ 54. Kd1 Qc6 55. h4 Qc3 56. Re2 Rb1# 0-1

[Event "Moscow Govrnor Cup-A rapid"]
[Site "Moscow"]
[Date "2013.02.20"]
[Round "7"]
[White "Klyuev, Alexander S"]
[Black "Mischuk, Dmitry"]
[Result "0-1"]
[WhiteElo "2227"]
[BlackElo "2330"]
[PlyCount "72"]
[EventDate "2013.02.19"]
[EventType "swiss (rapid)"]
[EventRounds "11"]
[EventCountry "RUS"]
[SourceTitle "CBM 153 Extra"]
[Source "ChessBase"]
[SourceDate "2013.04.22"]
[SourceVersion "1"]
[SourceVersionDate "2013.04.22"]
[SourceQuality "1"]

1. c4 c6 2. Nf3 d5 3. d4 Nf6 4. g3 dxc4 5. Bg2 e6 6. 0-0 b5 7. Ne5 Bb7 8. a4 Qc8 9. b3 cxb3 10. Qxb3 a6 11. Ba3 Bxa3 12. Qxa3 Nbd7 13. Nd2 Qc7 14. f4 Qb6 15. e3 b4 16. a5 Qb5 17. Qb3 c5 18. Ndc4 Ke7 19. Bxb7 Qxb7 20. Nxf7 cxd4 21. exd4 Rhb8 22. Rae1 Qd5 23. Nfe5 Kf8 24. f5 Qxd4+ 25. Kg2 Qd5+ 26. Kh3 exf5 27. Rxf5 Kg8 28. g4 Nc5 29. Qg3 Nce4 30. Qe3 g6 31. Nxg6 Qxc4 32. Ne7+ Kh8 33. Qh6 Nf2+ 34. Kg2 Qxg4+ 35. Kxf2 Qxf5+ 36. Nxf5 Ng4+ 0-1